00434nam a2200157 i 4500001000700000003000900007005001700016007000300033008004100036100004100077245005100118260004100169300002100210852002400231852002100255129975ES-MaACL20250717063032.0t|070712q1910 sp ||||1| spa d1 aZulueta y Gomis, José, d1858-192510aPoesía de la agricultura / cJosé Zulueta. aMadrid : bEditorial Reus, c[1910?] a98 p. ; c21 cm. aES-MaACLj1626-F-12 aES-MaACLjF-7645